000 00228nam a22000857a 4500
008 161201b xxu||||| |||| 00| 0 eng d
100 _91632
_aRam. S. K
245 _aLEARNING TO cOMMUNICATE WORK BOOK
260 _aNew delhi
_bOxford
_c2005
999 _c4346
_d4346